[Event "Regionalliga Nord-West 1819"]
[Site "Bayern"]
[Date "2018.10.21"]
[Round "1.2"]
[White "Wurm, Alexander"]
[Black "Oehrlein, Thomas"]
[Result "1/2-1/2"]
[WhiteElo "2091"]
[BlackElo "2105"]
[PlyCount "83"]
[EventDate "2018.10.21"]
[EventType "team-tourn"]
[EventRounds "9"]
[EventCountry "GER"]
[SourceTitle "EXT 2022"]
[Source "ChessBase"]
[SourceDate "2021.10.06"]
[SourceVersion "1"]
[SourceVersionDate "2021.10.06"]
[SourceQuality "1"]
[WhiteTeam "Stetten"]
[BlackTeam "Bamberg SC II"]
[WhiteTeamCountry "GER"]
[BlackTeamCountry "GER"]

1. d4 Nf6 2. c4 g6 3. Nc3 Bg7 4. e4 d6 5. f3 0-0 6. Be3 e5 7. Nge2 Nc6 8. Qd2 exd4 9. Nxd4 Nxd4 10. Bxd4 Be6 11. Be2 Re8 12. 0-0 a5 13. b3 Nd7 14. f4 f6 15. Rad1 Qe7 16. Rfe1 Bh6 17. g3 c6 18. Bf3 Ne5 19. Qe2 Nxf3+ 20. Qxf3 Bg7 21. Qd3 Bg4 22. Rd2 Qf7 23. Kg2 Be6 24. Ree2 Bg4 25. Re1 Be6 26. Kf2 Bf8 27. Na4 f5 28. e5 dxe5 29. Bxe5 Bb4 30. Bc3 Qf8 31. Bxb4 axb4 32. Qd6 Qxd6 33. Rxd6 Kf7 34. Nc5 Rxa2+ 35. Kf1 Bc8 36. Rf6+ Kxf6 37. Rxe8 Ra5 38. Rxc8 Rxc5 39. Rc7 b6 40. Rb7 b5 41. cxb5 cxb5 42. Rxh7 1/2-1/2

[Event "Arco op 38th"]
[Site "Arco"]
[Date "2016.10.08"]
[Round "1"]
[White "Wurm, Alexander"]
[Black "Klein, Gernot"]
[Result "1-0"]
[WhiteElo "2154"]
[BlackElo "1818"]
[PlyCount "91"]
[EventDate "2016.10.08"]
[EventType "swiss"]
[EventRounds "9"]
[EventCountry "ITA"]
[SourceTitle "EXT 2017"]
[Source "ChessBase"]
[SourceDate "2016.10.25"]
[SourceVersion "1"]
[SourceVersionDate "2016.10.25"]
[SourceQuality "1"]

1. d4 d5 2. Nc3 Bf5 3. f3 Nf6 4. Bg5 Nbd7 5. Nxd5 Nxd5 6. e4 h6 7. Bh4 Ne3 8. Qd3 Nxf1 9. exf5 Nxh2 10. Rxh2 Nf6 11. g4 Qd7 12. 0-0-0 0-0-0 13. Kb1 Nd5 14. Rhd2 Nf4 15. Qe4 g5 16. Bg3 Nd5 17. c4 Nb6 18. d5 Bg7 19. c5 Na8 20. Qc4 c6 21. d6 e6 22. fxe6 fxe6 23. Re1 Rde8 24. Rde2 e5 25. Bxe5 Bxe5 26. Rxe5 Rxe5 27. Rxe5 Re8 28. Rxe8+ Qxe8 29. Qe4 Qd7 30. b4 b6 31. Qf5 bxc5 32. bxc5 Kd8 33. Qf8+ Qe8 34. Qxe8+ Kxe8 35. Kc2 Kd7 36. Kd3 Nb6 37. cxb6 axb6 38. Ne2 Kxd6 39. Nd4 Kd5 40. Nf5 b5 41. Nxh6 Ke5 42. Ke3 c5 43. Nf7+ Kf6 44. Nd6 b4 45. Ke4 Ke6 46. Nc4 1-0

[Event "Nuremberg Zabo op 18th"]
[Site "Nuremberg"]
[Date "2016.09.17"]
[Round "3"]
[White "Schneider, Jana"]
[Black "Wurm, Alexander"]
[Result "1-0"]
[WhiteElo "2032"]
[BlackElo "2155"]
[PlyCount "49"]
[EventDate "2016.09.16"]
[EventType "swiss"]
[EventRounds "5"]
[EventCountry "GER"]
[SourceTitle "EXT 2018"]
[Source "ChessBase"]
[SourceDate "2017.10.13"]
[SourceVersion "1"]
[SourceVersionDate "2017.10.13"]
[SourceQuality "1"]

1. e4 e6 2. d4 d5 3. Nd2 Nf6 4. e5 Nfd7 5. Bd3 c5 6. c3 Nc6 7. Ne2 cxd4 8. cxd4 f6 9. exf6 Nxf6 10. Nf3 Bd6 11. 0-0 0-0 12. Bg5 Bd7 13. Rc1 Qb6 14. Nc3 Rae8 15. Re1 Ng4 16. Bh4 Nh6 17. Bg3 Bxg3 18. hxg3 Nf5 19. Na4 Qd8 20. Nc5 Nfxd4 21. Nxd4 Nxd4 22. Qh5 Nf5 23. Nxb7 Qb6 24. Nc5 Bc8 25. Bxf5 1-0

[Event "Regionalliga NW 1213"]
[Site "Bayern"]
[Date "2012.11.11"]
[Round "2.1"]
[White "Wurm, Alexander"]
[Black "Grosshans, Ralf Michael"]
[Result "1/2-1/2"]
[WhiteElo "2133"]
[BlackElo "2129"]
[PlyCount "112"]
[EventDate "2012.10.14"]
[EventType "team-tourn"]
[EventRounds "9"]
[EventCountry "GER"]
[SourceTitle "EXT 2015"]
[Source "ChessBase"]
[SourceDate "2014.11.20"]
[SourceVersion "1"]
[SourceVersionDate "2014.11.20"]
[SourceQuality "1"]
[WhiteTeam "Stetten"]
[BlackTeam "Coburg"]
[WhiteTeamCountry "GER"]
[BlackTeamCountry "GER"]

1. d4 Nf6 2. Nc3 d5 3. Bg5 e6 4. e4 dxe4 5. Nxe4 Be7 6. Bxf6 Bxf6 7. Nf3 Bd7 8. c3 Bc6 9. Bd3 Bxe4 10. Bxe4 c6 11. Qd2 Nd7 12. 0-0-0 Qa5 13. Kb1 0-0-0 14. Qe3 Nb6 15. Rhe1 Nd5 16. Qc1 Kb8 17. Ne5 Qc7 18. f4 g6 19. g3 Bg7 20. Rd3 Nb6 21. Rde3 Nc8 22. Qc2 Nd6 23. Bf3 Nf5 24. R3e2 Rhf8 25. Qb3 Qb6 26. Qa3 Qc7 27. Kc1 Ne7 28. Qb3 Qb6 29. Qxb6 axb6 30. Rd2 b5 31. a3 Kc7 32. Kc2 Nd5 33. Rde2 Nb6 34. h4 h5 35. Be4 Bxe5 36. fxe5 f5 37. exf6 Rxf6 38. Bg2 Kd6 39. b3 Ra8 40. Kb2 Raf8 41. Bh3 Re8 42. Re5 Nd7 43. R1e2 Nf8 44. Bg2 Rd8 45. a4 bxa4 46. bxa4 Rd7 47. Kb3 Rdf7 48. Bh3 Re7 49. R5e3 Ref7 50. Kb4 Rf3 51. c4 Rxe3 52. Rxe3 Rf2 53. Kc3 b6 54. Kb4 Rb2+ 55. Kc3 Rf2 56. Kb4 Rb2+ 1/2-1/2

[Event "GER-ch U25 op-A"]
[Site "Oberhof"]
[Date "2012.05.30"]
[Round "6"]
[White "Pererva, Viktor"]
[Black "Wurm, Alexander"]
[Result "0-1"]
[WhiteElo "1930"]
[BlackElo "2077"]
[PlyCount "118"]
[EventDate "2012.05.27"]
[EventType "swiss"]
[EventRounds "9"]
[EventCountry "GER"]
[SourceTitle "CBM 148 Extra"]
[Source "ChessBase"]
[SourceDate "2012.06.22"]
[SourceVersion "1"]
[SourceVersionDate "2012.06.22"]
[SourceQuality "1"]

1. e4 e6 2. Nf3 d5 3. Nc3 Nf6 4. e5 Nfd7 5. d4 c5 6. dxc5 Nc6 7. Bf4 Nxc5 8. Bd3 Be7 9. h4 Bd7 10. h5 a6 11. Qd2 b5 12. a3 Na5 13. 0-0 Nxd3 14. Qxd3 Rc8 15. Ne2 Nc4 16. Rab1 f5 17. exf6 Bxf6 18. Ned4 0-0 19. Rfe1 Bxd4 20. Qxd4 Qf6 21. Bg3 Qxd4 22. Nxd4 Nd2 23. Rbd1 Ne4 24. Re2 Nxg3 25. fxg3 Rf6 26. Rde1 Kf7 27. c3 h6 28. g4 a5 29. Re5 b4 30. axb4 axb4 31. R1e3 bxc3 32. bxc3 g5 33. Kh2 Rc4 34. Kh3 Rc8 35. Kh2 Ra8 36. Kg3 Ra2 37. Re2 Rxe2 38. Rxe2 Rf4 39. Nf3 Kf6 40. Ne5 Ba4 41. Kh3 Bb5 42. Re1 Re4 43. Rxe4 dxe4 44. c4 Kxe5 45. cxb5 Kd5 46. Kg3 Kc5 47. Kf2 Kxb5 48. Ke3 Kc5 49. Kxe4 Kd6 50. Kd4 e5+ 51. Ke4 Ke6 52. g3 Kd6 53. Kf5 Kd5 54. Kg6 e4 55. Kxh6 e3 56. Kg7 e2 57. h6 e1Q 58. h7 Qe7+ 59. Kg8 Kd4 0-1

[Event "GER-chA U25"]
[Site "Oberhof"]
[Date "2011.06.12"]
[Round "2"]
[White "Krause, Jonah"]
[Black "Wurm, Alexander"]
[Result "1-0"]
[WhiteElo "1911"]
[BlackElo "2062"]
[PlyCount "67"]
[EventDate "2011.06.11"]
[EventType "swiss"]
[EventRounds "9"]
[EventCountry "GER"]
[SourceTitle "CBM 142 Extra"]
[Source "ChessBase"]
[SourceDate "2011.06.27"]
[SourceVersion "1"]
[SourceVersionDate "2011.06.27"]
[SourceQuality "1"]

1. d4 Nf6 2. c4 g6 3. Nc3 Bg7 4. e4 d6 5. Nf3 0-0 6. Be2 Nc6 7. 0-0 e5 8. d5 Ne7 9. Ne1 Nd7 10. Be3 f5 11. f3 f4 12. Bf2 g5 13. a4 h5 14. Nb5 Nf6 15. Nxa7 Bd7 16. Nb5 Rf7 17. c5 Ne8 18. cxd6 cxd6 19. b4 Bf8 20. a5 Ng6 21. Bb6 Qf6 22. Nc3 g4 23. fxg4 hxg4 24. Bxg4 Qh4 25. Bxd7 Rxd7 26. Rf3 Rh7 27. Rh3 Qg5 28. Rxh7 Kxh7 29. Nf3 Qg4 30. b5 Be7 31. a6 Nf6 32. axb7 Rg8 33. Ra8 Nf8 34. Qe2 1-0

[Event "GER-chA U25"]
[Site "Oberhof"]
[Date "2011.06.12"]
[Round "1"]
[White "Wurm, Alexander"]
[Black "Tarakanova, Valeria"]
[Result "1-0"]
[WhiteElo "2062"]
[BlackElo "1740"]
[PlyCount "87"]
[EventDate "2011.06.11"]
[EventType "swiss"]
[EventRounds "9"]
[EventCountry "GER"]
[SourceTitle "CBM 142 Extra"]
[Source "ChessBase"]
[SourceDate "2011.06.27"]
[SourceVersion "1"]
[SourceVersionDate "2011.06.27"]
[SourceQuality "1"]

1. d4 Nf6 2. c4 e6 3. Nf3 Bb4+ 4. Bd2 Qe7 5. g3 0-0 6. Bg2 Ne4 7. 0-0 Nc6 8. Be3 Qd8 9. a3 Be7 10. d5 Na5 11. Qc2 exd5 12. cxd5 Nd6 13. Nbd2 b6 14. b4 Nab7 15. Nd4 Bf6 16. Rac1 Re8 17. N2b3 a5 18. Bd2 a4 19. Bc3 axb3 20. Qxb3 Bxd4 21. Bxd4 Rxe2 22. Bf3 Re8 23. Qd3 c5 24. dxc6 dxc6 25. Bxc6 Nf5 26. Bxe8 Qxd4 27. Rxc8 Qxd3 28. Rxa8 Nd8 29. Ba4 Kf8 30. Rd1 Qxa3 31. Raxd8+ Ke7 32. Bc2 Kf6 33. R8d5 g6 34. Bxf5 gxf5 35. Rd6+ Kg7 36. Rxb6 Qb3 37. Rd4 Qc3 38. Rbd6 h5 39. b5 Qc5 40. b6 f4 41. Kg2 fxg3 42. hxg3 h4 43. b7 hxg3 44. b8Q 1-0

[Event "GER-ch U25"]
[Site "Oberhof"]
[Date "2010.05.29"]
[Round "9"]
[White "Wurm, Alexander"]
[Black "Weber, Max"]
[Result "1/2-1/2"]
[WhiteElo "2063"]
[BlackElo "1888"]
[PlyCount "82"]
[EventDate "2010.05.22"]
[EventType "swiss"]
[EventRounds "9"]
[EventCountry "GER"]
[SourceTitle "CBM 136 Extra"]
[Source "ChessBase"]
[SourceDate "2010.07.02"]
[SourceVersion "2"]
[SourceVersionDate "2010.07.15"]
[SourceQuality "1"]

1. d4 Nf6 2. c4 g6 3. Nc3 d5 4. h4 c5 5. dxc5 d4 6. Nb5 Nc6 7. e3 e5 8. exd4 Nxd4 9. b4 a5 10. Bg5 Be7 11. Nf3 Bg4 12. Nbxd4 exd4 13. Qxd4 Bxf3 14. Qxd8+ Bxd8 15. gxf3 axb4 16. Bd3 0-0 17. 0-0 Nd7 18. Rfb1 Nxc5 19. Bc2 Bxg5 20. hxg5 Rfd8 21. Rxb4 Rd4 22. a4 b5 23. a5 Rxc4 24. Rxc4 bxc4 25. Kf1 Nb3 26. Bxb3 cxb3 27. f4 b2 28. Rb1 Rxa5 29. Rxb2 Ra4 30. Kg2 Rxf4 31. Kg3 Rf5 32. f4 Kg7 33. Rh2 f6 34. Kg4 fxg5 35. fxg5 Ra5 36. Rb2 Ra4+ 37. Kf3 Ra7 38. Kg4 h5+ 39. gxh6+ Kxh6 40. Rh2+ Kg7 41. Rb2 Kf6 1/2-1/2